<?xml version="1.0" encoding="UTF-8"?>
<marc:record xmlns:marc="http://www.loc.gov/MARC21/slim">
   <marc:leader>00000nam a2200000 a 4500</marc:leader>
   <marc:datafield ind1=" " ind2=" " tag="653">
      <marc:subfield code="a">Spielen</marc:subfield>
   </marc:datafield>
   <marc:datafield ind1=" " ind2=" " tag="653">
      <marc:subfield code="a">Lernen</marc:subfield>
   </marc:datafield>
   <marc:datafield ind1=" " ind2=" " tag="653">
      <marc:subfield code="a">tiptoi®</marc:subfield>
   </marc:datafield>
   <marc:datafield ind1=" " ind2=" " tag="653">
      <marc:subfield code="a">(Zielgruppe)ab 6 bis 9 Jahre</marc:subfield>
   </marc:datafield>
   <marc:datafield ind1=" " ind2=" " tag="653">
      <marc:subfield code="a">(20)2471 tiptoi Starterp</marc:subfield>
   </marc:datafield>
   <marc:datafield ind1=" " ind2=" " tag="653">
      <marc:subfield code="a">tiptoi Starterpaket Buch</marc:subfield>
   </marc:datafield>
   <marc:datafield ind1=" " ind2=" " tag="653">
      <marc:subfield code="a">Spiele/Puzzles</marc:subfield>
   </marc:datafield>
   <marc:datafield ind1="0" ind2="0" tag="245">
      <marc:subfield code="a">tiptoi® CREATE Starter-Set Die verrückte Weltreise</marc:subfield>
   </marc:datafield>
   <marc:datafield ind1="0" ind2="0" tag="245">
      <marc:subfield code="b">tiptoi® Stift mit Aufnahmefunktion und CREATE Buch Die verrückte Weltreise</marc:subfield>
   </marc:datafield>
   <marc:datafield ind1=" " ind2="1" tag="264">
      <marc:subfield code="a">Ravensburg</marc:subfield>
      <marc:subfield code="b">Ravensburger Buchverlag</marc:subfield>
      <marc:subfield code="c">2018</marc:subfield>
   </marc:datafield>
   <marc:datafield ind1="1" ind2=" " tag="490">
      <marc:subfield code="a">tiptoi</marc:subfield>
   </marc:datafield>
   <marc:datafield ind1=" " ind2=" " tag="250">
      <marc:subfield code="a">1. Auflage</marc:subfield>
   </marc:datafield>
   <marc:datafield ind1="1" ind2=" " tag="520">
      <marc:subfield code="a">Angaben aus der Verlagsmeldung ## ##  tiptoi® CREATE Starter-Set Die verrückte Weltreise : tiptoi® Stift mit Aufnahmefunktion und CREATE Buch Die verrückte Weltreise  ## #mit tiptoi® CREATE Aufnahmefunktion Geräusche erfinden, Geschichten erzählen, Lieder singen die eigene kreative tiptoi® Welt gestalten Dieses Starter-Set enthält den tiptoi® Stift mit Aufnahmefunktion und das Buch "Die verrückte Weltreise" aus der neuen Reihe tiptoi® CREATE. Ein aufregender Tag für Lily und Leo. Als ihr Hund plötzlich ein geheimnisvolles Päckchen findet, beginnt für die beiden Kinder ein großes Abenteuer. Sie begeben sich auf eine abenteuerliche Schnitzeljagd rund um die Welt und folgen dabei Hinweisen, die sie nach China, England, Australien, Ägypten, Amerika und sogar in die Antarktis führen. Spiel-Inhalt: 1 tiptoi® Stift mit Aufnahmefunktion, 1 Verbindungskabel, Buch Die verrückte Weltreise.</marc:subfield>
   </marc:datafield>
   <marc:datafield ind1=" " ind2=" " tag="041">
      <marc:subfield code="a">ger</marc:subfield>
   </marc:datafield>
</marc:record>
